[Event "Rated Blitz tournament T2TLXqPz"]
[Site "?"]
[Date "2021.02.03"]
[Round "?"]
[White "AMR25"]
[Black "FTR_BBC"]
[Result "0-1"]
[WhiteElo "2418"]
[BlackElo "2339"]
[PlyCount "40"]
[EventDate "2021.??.??"]
[EventType "blitz"]

1. e4 e5 2. Nf3 d5 3. Nc3 dxe4 4. Nxe4 Nf6 5. Qe2 Nc6 6. Nxf6+ gxf6 7. c3 Be7
8. d3 Bg4 9. h3 Bh5 10. Bh6 Rg8 11. O-O-O Qd5 12. Kb1 O-O-O 13. g4 Bg6 14. Nh4
Qxh1 15. Bg2 Qh2 16. Bxc6 bxc6 17. Nxg6 Rxg6 18. Qf3 Kb7 19. Rh1 e4 20. Qxe4
Qd6 {Normal} 0-1

[Event "Rated Blitz game"]
[Site "?"]
[Date "2021.02.03"]
[Round "?"]
[White "getme-a-username"]
[Black "oALJoN"]
[Result "1-0"]
[WhiteElo "2445"]
[BlackElo "2404"]
[PlyCount "99"]
[EventDate "2021.??.??"]
[EventType "blitz"]

1. e4 e5 2. Nf3 d5 3. Nxe5 dxe4 4. d4 Bd6 5. Nc4 Nc6 6. Nc3 Nf6 7. Bg5 Bf5 8.
Ne3 Bg6 9. Bb5 O-O 10. h4 h6 11. h5 Bh7 12. Bh4 Bb4 13. Bxc6 bxc6 14. a3 Ba5
15. O-O Rb8 16. b4 Bb6 17. Ne2 Qd6 18. Bxf6 Qxf6 19. c4 a5 20. c5 Ba7 21. Qa4
Ra8 22. bxa5 Qg5 23. Qxc6 Qxh5 24. Nf4 Qg5 25. Nfd5 f5 26. Nxc7 Rac8 27. Qd5+
Rf7 28. Ne6 Qe7 29. Rab1 Bb8 30. Rxb8 Rxb8 31. Nc4 Re8 32. Nf4 Rd8 33. Nd6 g5
34. Ne6 Rd7 35. Rb1 Bg6 36. Rb8+ Kh7 37. Qe5 Rf6 38. Nf8+ Rxf8 39. Qxe7+ Rxe7
40. Rxf8 Ra7 41. c6 f4 42. d5 Kg7 43. Rb8 e3 44. fxe3 fxe3 45. Nc4 e2 46. Kf2
Rxa5 47. c7 Rc5 48. c8=Q Rxc8 49. Rxc8 Bd3 50. Ne5 {Normal} 1-0

[Event "Rated Blitz game"]
[Site "?"]
[Date "2021.02.03"]
[Round "?"]
[White "sosforlove"]
[Black "Jomajo"]
[Result "1-0"]
[WhiteElo "2446"]
[BlackElo "2618"]
[PlyCount "65"]
[EventDate "2021.??.??"]
[EventType "blitz"]

1. e4 e5 2. Nf3 d5 3. d3 dxe4 4. dxe4 Qxd1+ 5. Kxd1 Bg4 6. Be2 Nd7 7. Be3 O-O-O
8. Nbd2 f6 9. c3 Bc5 10. Bxc5 Nxc5 11. Kc2 Ne7 12. h3 Bh5 13. Rhe1 c6 14. b4
Ne6 15. a4 Kc7 16. Nc4 Nf4 17. Bf1 Nxh3 18. Nfxe5 Nxf2 19. Nf3 Bg6 20. Ncd2 f5
21. Nh4 fxe4 22. Nxg6 Nxg6 23. Nxe4 Ng4 24. Bc4 N6e5 25. Bb3 Rhf8 26. Re2 h6
27. Nc5 Rde8 28. Ne6+ Kc8 29. Nxf8 Rxf8 30. Be6+ Kd8 31. Re4 h5 32. Rd1+ Ke7
33. Bxg4 {Normal} 1-0

[Event "Rated Blitz game"]
[Site "?"]
[Date "2021.02.03"]
[Round "?"]
[White "BeReadyToLose"]
[Black "Jomajo"]
[Result "0-1"]
[WhiteElo "2469"]
[BlackElo "2620"]
[PlyCount "44"]
[EventDate "2021.??.??"]
[EventType "blitz"]

1. e4 e5 2. Nf3 d5 3. exd5 e4 4. Qe2 Qe7 5. Nd4 Nf6 6. Nc3 Qe5 7. Ndb5 a6 8. d4
Qe7 9. Na3 b5 10. Nab1 b4 11. Na4 Nxd5 12. Nd2 f5 13. Nc4 Nc6 14. c3 g6 15. g3
Bg7 16. Bg2 O-O 17. O-O a5 18. Bd2 Ba6 19. Nc5 Bb5 20. a4 bxa3 21. Rxa3 Bxd4
22. Rd1 Bxc5 {Normal} 0-1

[Event "Rated Blitz game"]
[Site "?"]
[Date "2021.02.03"]
[Round "?"]
[White "sosforlove"]
[Black "Jomajo"]
[Result "0-1"]
[WhiteElo "2440"]
[BlackElo "2623"]
[PlyCount "150"]
[EventDate "2021.??.??"]
[EventType "blitz"]

1. e4 e5 2. Nf3 d5 3. d3 dxe4 4. dxe4 Qxd1+ 5. Kxd1 Bg4 6. Be2 Nd7 7. Be3 O-O-O
8. Nbd2 f6 9. c3 Bc5 10. Bxc5 Nxc5 11. Kc2 Ne7 12. Nb3 Nxe4 13. Rhf1 Ng6 14.
Bd3 Bxf3 15. gxf3 Ng5 16. Nc5 b6 17. Bf5+ Kb8 18. Na6+ Kb7 19. Nb4 Nh4 20. Be4+
Nxe4 21. fxe4 Nf3 22. Nd5 c6 23. Ne3 Rd2+ 24. Kb3 Nxh2 25. Rfd1 Rhd8 26. Rxd2
Rxd2 27. Nc4 Rxf2 28. Rd1 Kc7 29. Nd6 g6 30. Ne8+ Kc8 31. Nd6+ Kb8 32. Ne8 f5
33. Rd7 fxe4 34. Nd6 e3 35. Rb7+ Ka8 36. Rxh7 a5 37. Rh8+ Ka7 38. Rh7+ Ka6 39.
Nc8 Kb5 40. Rd7 c5 41. Na7+ Ka6 42. Nc8 c4+ 43. Kxc4 Rf4+ 44. Kb3 Kb5 45. Na7+
Kc5 46. Rd3 e2 47. Re3 Rf2 48. a4 Kd6 49. Nb5+ Ke6 50. Kc4 Kf5 51. Kd3 Ng4 52.
Rxe2 e4+ 53. Kd2 e3+ 54. Kd3 Kf4 55. Rxf2+ exf2 56. Ke2 Kg3 57. Nd4 Nh2 58. Kd2
f1=Q 59. Ne2+ Kf2 60. Nd4 Qe1+ 61. Kd3 Qe3+ 62. Kc4 Qe4 63. Kb3 Qe5 64. Nc2
Qd5+ 65. c4 Qd6 66. Nd4 Qd7 67. c5 Qxd4 68. Kc2 Qd5 69. Kc3 Qxc5+ 70. Kb3 Qc6
71. Ka2 b5 72. Kb1 b4 73. Ka2 Qc5 74. Kb1 b3 75. Ka1 Qc1# {Normal} 0-1

[Event "Rated Blitz game"]
[Site "?"]
[Date "2021.02.03"]
[Round "?"]
[White "R_Berzinsh"]
[Black "KamranShirazi"]
[Result "0-1"]
[WhiteElo "2460"]
[BlackElo "2470"]
[PlyCount "58"]
[EventDate "2021.??.??"]
[EventType "blitz"]

1. e4 e5 2. Nf3 d5 3. exd5 e4 4. Ne5 Qxd5 5. d4 exd3 6. Nxd3 Bd6 7. Nc3 Qf5 8.
Be3 Be6 9. Qd2 Nc6 10. O-O-O O-O-O 11. h3 Nf6 12. g4 Qa5 13. Bg2 Bb4 14. a3
Bxa3 15. Bxc6 Bb4 16. Ba4 Bxc3 17. Qxc3 Qxa4 18. b3 Qa3+ 19. Kb1 Bd5 20. Bf4
Bc6 21. Nb4 Ne4 22. Qe5 Rd6 23. Nxc6 Nxf2 24. Rxd6 cxd6 25. Qf5+ Kc7 26. Qxf7+
Kxc6 27. Rf1 Ne4 28. Qc4+ Nc5 29. Qe4+ Nxe4 {Normal} 0-1

[Event "Rated Blitz game"]
[Site "?"]
[Date "2021.02.03"]
[Round "?"]
[White "Chesstomioka"]
[Black "annaly1979"]
[Result "1-0"]
[WhiteElo "2429"]
[BlackElo "2384"]
[PlyCount "125"]
[EventDate "2021.??.??"]
[EventType "blitz"]

1. e4 e5 2. Nf3 d5 3. exd5 e4 4. Nd4 c5 5. Nb3 f5 6. d3 Nf6 7. dxe4 fxe4 8. Nc3
Bf5 9. Be3 Nbd7 10. Qd2 Bd6 11. Nb5 Be5 12. d6 O-O 13. Bc4+ Kh8 14. Nc7 Rc8 15.
c3 Nb6 16. Be6 Rxc7 17. Bxf5 Qxd6 18. Qxd6 Bxd6 19. O-O-O Be5 20. Bxc5 Re8 21.
Be3 Nbd5 22. Kb1 Nxe3 23. fxe3 g6 24. Bh3 b6 25. Nd4 a6 26. Ne6 Rce7 27. Nd4 b5
28. Nc6 Rc7 29. Nxe5 Rxe5 30. Rhf1 Kg7 31. Rd6 Ne8 32. Rxa6 Rd5 33. Rf2 b4 34.
Be6 Rd8 35. c4 Nd6 36. b3 Re7 37. Bd5 Nf5 38. Re2 h5 39. Rb6 Re5 40. Rxb4 Ne7
41. Rb7 Kh6 42. h4 Nf5 43. a4 Nxh4 44. a5 Rd6 45. b4 Nf5 46. b5 Ne7 47. Rxe7
Rxe7 48. a6 Rb6 49. Ra2 Ra7 50. Kc2 g5 51. Kc3 h4 52. Bxe4 g4 53. Bb7 h3 54.
gxh3 gxh3 55. Rh2 Kg5 56. Rxh3 Kg4 57. Rh7 Kg3 58. Rg7+ Kf2 59. e4 Ke3 60. e5
Kf4 61. e6 Rxe6 62. c5 Re3+ 63. Kb4 {Time forfeit} 1-0

[Event "Rated Blitz game"]
[Site "?"]
[Date "2021.02.03"]
[Round "?"]
[White "sosforlove"]
[Black "Jomajo"]
[Result "0-1"]
[WhiteElo "2446"]
[BlackElo "2617"]
[PlyCount "90"]
[EventDate "2021.??.??"]
[EventType "blitz"]

1. e4 e5 2. Nf3 d5 3. d3 dxe4 4. dxe4 Qxd1+ 5. Kxd1 Bg4 6. Be2 Nd7 7. Be3 f6 8.
c3 O-O-O 9. Nbd2 Bc5 10. Bxc5 Nxc5 11. Kc2 Bxf3 12. Bxf3 Nd3 13. Rhf1 Ne7 14.
Rad1 Nc5 15. Nc4 g6 16. Ne3 c6 17. Ng4 Rhf8 18. Rxd8+ Kxd8 19. Rd1+ Kc7 20. g3
Ne6 21. Ne3 b5 22. Rd2 f5 23. exf5 gxf5 24. Bd1 Nc5 25. Bf3 Ng6 26. Bh5 e4 27.
Be2 Ne5 28. b4 Ncd3 29. f4 Ne1+ 30. Kd1 N5f3 31. Ng2 Nxd2 32. Nxe1 Nc4 33. Bxc4
bxc4 34. Nc2 Rd8+ 35. Nd4 Rxd4+ 36. cxd4 Kd6 37. Kd2 Kd5 38. Kc3 e3 39. a4 Ke4
40. b5 cxb5 41. axb5 e2 42. Kd2 Kf3 43. Ke1 c3 44. d5 c2 45. d6 c1=Q# {Normal}
0-1

[Event "Rated Blitz game"]
[Site "?"]
[Date "2021.02.03"]
[Round "?"]
[White "vogelj"]
[Black "KamranShirazi"]
[Result "0-1"]
[WhiteElo "2428"]
[BlackElo "2466"]
[PlyCount "47"]
[EventDate "2021.??.??"]
[EventType "blitz"]

1. e4 e5 2. Nf3 d5 3. Nxe5 Bd6 4. d4 dxe4 5. Nc4 Nc6 6. c3 Be7 7. Be2 f5 8. O-O
Nf6 9. Bf4 O-O 10. Nbd2 Nd5 11. g3 b5 12. Ne5 Nxf4 13. gxf4 Nxe5 14. dxe5 a6
15. Nb3 Qe8 16. Bh5 Qc6 17. Nd4 Qh6 18. Be2 Qxf4 19. Nc6 Bh4 20. Qb3+ Kh8 21.
Rad1 Bb7 22. Na5 Bc8 23. Nc6 Qh6 24. Kh1 {Normal} 0-1

[Event "Rated Blitz game"]
[Site "?"]
[Date "2021.02.03"]
[Round "?"]
[White "Blowf1sh"]
[Black "Kovalchuk94"]
[Result "0-1"]
[WhiteElo "2441"]
[BlackElo "2616"]
[PlyCount "72"]
[EventDate "2021.??.??"]
[EventType "blitz"]

1. e4 e5 2. Nf3 d5 3. exd5 Bd6 4. Nc3 Nf6 5. d3 h6 6. Be3 Nbd7 7. Qd2 Nb6 8.
Ne4 Nbxd5 9. Nxd6+ cxd6 10. Be2 O-O 11. O-O Re8 12. c4 Nxe3 13. fxe3 d5 14. d4
exd4 15. exd4 dxc4 16. Bxc4 Be6 17. Bb5 Re7 18. Ne5 Qb6 19. Be2 Rd8 20. Rad1
Bxa2 21. Nc4 Bxc4 22. Bxc4 Red7 23. Rf4 Qc7 24. Bb3 Qb6 25. Bc4 Nd5 26. Bxd5
Rxd5 27. h3 Qd6 28. Kh1 a5 29. Re4 a4 30. Qe3 Qc6 31. Re1 b5 32. Re8+ Qxe8 33.
Qxe8+ Rxe8 34. Rxe8+ Kh7 35. Re7 Rxd4 36. Rxf7 Rd2 {Normal} 0-1

[Event "Rated Blitz game"]
[Site "?"]
[Date "2021.02.03"]
[Round "?"]
[White "sosforlove"]
[Black "Jomajo"]
[Result "0-1"]
[WhiteElo "2446"]
[BlackElo "2616"]
[PlyCount "40"]
[EventDate "2021.??.??"]
[EventType "blitz"]

1. e4 e5 2. Nf3 d5 3. exd5 e4 4. Nd4 Qxd5 5. Nb3 Nf6 6. Nc3 Qe5 7. d4 exd3+ 8.
Be3 Bb4 9. Bxd3 O-O 10. O-O Ng4 11. g3 Nxe3 12. fxe3 Nc6 13. Nd5 Bd6 14. Rf4
Be6 15. c4 Rad8 16. Qc2 h6 17. Raf1 Bxd5 18. cxd5 Nb4 19. Qc4 Qxe3+ 20. Kg2
Qxd3 {Normal} 0-1

[Event "Rated Blitz game"]
[Site "?"]
[Date "2021.02.03"]
[Round "?"]
[White "sosforlove"]
[Black "Jomajo"]
[Result "0-1"]
[WhiteElo "2443"]
[BlackElo "2621"]
[PlyCount "70"]
[EventDate "2021.??.??"]
[EventType "blitz"]

1. e4 e5 2. Nf3 d5 3. exd5 e4 4. Nd4 Qxd5 5. Nb3 Nf6 6. d4 exd3 7. Qxd3 Bf5 8.
Qe3+ Be7 9. Nc3 Qe6 10. Qxe6 fxe6 11. Nd4 Nbd7 12. Bc4 Nc5 13. Bf4 O-O-O 14.
O-O-O Bd6 15. Bxd6 cxd6 16. Rhe1 d5 17. Nxf5 exf5 18. Bxd5 Rhe8 19. Rxe8 Rxe8
20. Bf3 Nce4 21. Bxe4 Nxe4 22. Re1 Kd7 23. f3 Nxc3 24. Rxe8 Nxa2+ 25. Kb1 Nc3+
26. bxc3 Kxe8 27. Kb2 Kd7 28. Kb3 Kc6 29. Kb4 b6 30. Kc4 a5 31. g4 fxg4 32.
fxg4 b5+ 33. Kd4 a4 34. c4 b4 35. c5 a3 {Normal} 0-1

[Event "Rated Blitz tournament D4PBNRQk"]
[Site "?"]
[Date "2021.02.03"]
[Round "?"]
[White "fviana"]
[Black "Killerrhino"]
[Result "1/2-1/2"]
[WhiteElo "2426"]
[BlackElo "2380"]
[PlyCount "148"]
[EventDate "2021.??.??"]
[EventType "blitz"]

1. e4 e5 2. Nf3 d5 3. exd5 e4 4. Nd4 Qxd5 5. Nb3 Bf5 6. Nc3 Qe5 7. Qe2 Nc6 8.
Qb5 O-O-O 9. Qxe5 Nxe5 10. Be2 Nf6 11. O-O Nc6 12. a3 Bd6 13. f3 exf3 14. Bxf3
Bd7 15. d3 Rhe8 16. Bg5 Be5 17. Rae1 h6 18. Bh4 Nd4 19. Nxd4 Bxd4+ 20. Bf2
Bxf2+ 21. Kxf2 c6 22. b4 Be6 23. h3 Kc7 24. Na4 b6 25. Nc3 Rd7 26. Re3 Red8 27.
Rfe1 g5 28. g4 Nd5 29. Bxd5 Bxd5 30. Kg3 Be6 31. Ne4 Rd4 32. Rf1 a5 33. bxa5
bxa5 34. Nc5 R8d6 35. c3 R4d5 36. d4 Rxc5 37. dxc5 Rd5 38. Rf6 Rxc5 39. Rxh6
Rc4 40. Rh5 Rc5 41. h4 gxh4+ 42. Kxh4 Rc4 43. Rxa5 Rxg4+ 44. Kh5 Rc4 45. Kg5
Kb6 46. Ra8 Rc5+ 47. Kf6 Rf5+ 48. Ke7 Bd5 49. a4 c5 50. Rd8 Be6 51. Ra8 Bd5 52.
Rh8 Rf4 53. Rh5 Be6 54. a5+ Kc6 55. Ree5 c4 56. Rc5+ Kb7 57. Kd6 Rf3 58. Rc7+
Ka6 59. Rhc5 Rd3+ 60. Ke5 Rxc3 61. R7c6+ Ka7 62. Rc7+ Ka6 63. R7c6+ Ka7 64. Rb6
Re3+ 65. Kd4 Rd3+ 66. Ke5 Rd7 67. Rxe6 fxe6 68. Rxc4 Rd5+ 69. Kxe6 Rxa5 70. Re4
Ra6+ 71. Kf5 Rb6 72. Re5 Ka6 73. Re6 Kb7 74. Rxb6+ Kxb6 {Normal} 1/2-1/2

[Event "Rated Blitz game"]
[Site "?"]
[Date "2021.02.03"]
[Round "?"]
[White "strvhztklnlqzrthkrtn"]
[Black "Blind2250"]
[Result "1-0"]
[WhiteElo "2535"]
[BlackElo "2410"]
[PlyCount "51"]
[EventDate "2021.??.??"]
[EventType "blitz"]

1. e4 e5 2. Nf3 d5 3. exd5 e4 4. Qe2 Be7 5. Qxe4 Nf6 6. Qe2 O-O 7. Nc3 Bb4 8.
Qd1 Nxd5 9. Nxd5 Qxd5 10. Be2 Bd6 11. O-O c5 12. d4 Qh5 13. dxc5 Bxc5 14. Bf4
Nc6 15. Bg3 Bg4 16. c3 Rad8 17. Qa4 Rfe8 18. Rfe1 h6 19. h3 Rxe2 20. Rxe2 Bxf3
21. gxf3 Qxf3 22. Qg4 Qd3 23. Rae1 h5 24. Re8+ Bf8 25. Rxd8 hxg4 26. Rxd3 {
Normal} 1-0

[Event "Rated Blitz tournament D4PBNRQk"]
[Site "?"]
[Date "2021.02.03"]
[Round "?"]
[White "fviana"]
[Black "Killerrhino"]
[Result "0-1"]
[WhiteElo "2439"]
[BlackElo "2374"]
[PlyCount "87"]
[EventDate "2021.??.??"]
[EventType "blitz"]

1. e4 e5 2. Nf3 d5 3. Bd3 dxe4 4. Bxe4 f5 5. Nxe5 Qe7 6. d4 fxe4 7. Qh5+ g6 8.
Qe2 Nf6 9. Nc3 Bf5 10. Bg5 Nc6 11. Qb5 O-O-O 12. Nxc6 bxc6 13. Qxc6 Bg7 14.
Qa6+ Kb8 15. O-O-O Qd6 16. Qa4 a6 17. Bh4 Nd5 18. Nxd5 Qxd5 19. Qxa6 Qb7 20.
Qxb7+ Kxb7 21. Bxd8 Rxd8 22. h3 Rxd4 23. c3 Rd3 24. Rxd3 exd3 25. f4 Bh6 26. g3
Kc6 27. Kd2 Kd5 28. h4 c5 29. Re1 Be4 30. b3 Bg7 31. c4+ Kd4 32. Rxe4+ Kxe4 33.
a3 Bd4 34. b4 Be3+ 35. Kd1 Kd4 36. b5 g5 37. hxg5 Bf2 38. g4 Bg3 39. f5 Kxc4
40. g6 hxg6 41. fxg6 Be5 42. b6 Kb3 43. g7 Bxg7 44. b7 {Normal} 0-1

[Event "Rated Blitz game"]
[Site "?"]
[Date "2021.02.03"]
[Round "?"]
[White "Cadlag"]
[Black "AlaEldin"]
[Result "0-1"]
[WhiteElo "2454"]
[BlackElo "2288"]
[PlyCount "22"]
[EventDate "2021.??.??"]
[EventType "blitz"]

1. e4 e5 2. Nf3 d5 3. exd5 e4 4. Qe2 Nf6 5. Nc3 Be7 6. Nxe4 O-O 7. d3 Nxd5 8.
Bd2 Re8 9. c4 Nb4 10. Bxb4 Bxb4+ 11. Kd1 f5 {Normal} 0-1

[Event "Rated Blitz game"]
[Site "?"]
[Date "2021.02.03"]
[Round "?"]
[White "Cavolinho"]
[Black "KamranShirazi"]
[Result "1-0"]
[WhiteElo "2477"]
[BlackElo "2467"]
[PlyCount "103"]
[EventDate "2021.??.??"]
[EventType "blitz"]

1. e4 e5 2. Nf3 d5 3. exd5 e4 4. Ne5 Qxd5 5. d4 exd3 6. Nxd3 Bd6 7. Nc3 Qf5 8.
Qe2+ Be6 9. Be3 Nc6 10. O-O-O O-O-O 11. h3 Nf6 12. g4 Qa5 13. Bg2 Bxa2 14. Bxc6
bxc6 15. Qf3 Bd5 16. Qf5+ Kb7 17. Rhe1 Rhe8 18. Kb1 Ne4 19. Nxe4 Rxe4 20. Nc1
Ra4 21. Nb3 Bxb3 22. cxb3 Qxf5+ 23. gxf5 Rh4 24. Bg5 Rxh3 25. Bxd8 Rf3 26. Bh4
Rxf5 27. Bg3 Bc5 28. Rd7 Bb6 29. Ree7 f6 30. Rxg7 h5 31. Rh7 h4 32. Rxh4 Rf3
33. Rf4 Rxb3 34. Rxf6 c5 35. Rff7 Kc6 36. Bxc7 Kb5 37. Bxb6 axb6 38. Kc2 Rg3
39. fxg3 Kc4 40. g4 b5 41. g5 Kb4 42. b3 c4 43. bxc4 Kxc4 44. Rd8 Kb4 45. Rc7
Ka5 46. Rb8 Kb4 47. g6 Ka5 48. g7 Kb4 49. g8=Q Ka4 50. Qa2+ Kb4 51. Qb3+ Ka5
52. Qa3# {Normal} 1-0

[Event "Rated Blitz game"]
[Site "?"]
[Date "2021.02.03"]
[Round "?"]
[White "jpboyeras"]
[Black "PrawnsGambit"]
[Result "0-1"]
[WhiteElo "2425"]
[BlackElo "2342"]
[PlyCount "55"]
[EventDate "2021.??.??"]
[EventType "blitz"]

1. e4 e5 2. Nf3 d5 3. exd5 e4 4. Qe2 Nf6 5. d3 Be7 6. dxe4 O-O 7. Nc3 Re8 8.
Qc4 c6 9. dxc6 Nxc6 10. Bd3 Be6 11. Qa4 a6 12. O-O b5 13. Nxb5 axb5 14. Qxb5
Qc7 15. Be3 Reb8 16. Qg5 Nd5 17. exd5 Bxg5 18. Nxg5 Bxd5 19. b3 h6 20. Ne4 Bxe4
21. Bxe4 Re8 22. Bf3 Rad8 23. a4 Ne5 24. a5 Nxf3+ 25. gxf3 Qxc2 26. a6 Rxe3 27.
fxe3 Rd2 28. Rfc1 {Normal} 0-1

[Event "Rated Blitz tournament T2TLXqPz"]
[Site "?"]
[Date "2021.02.03"]
[Round "?"]
[White "Starazagora"]
[Black "Gendut_BKD"]
[Result "1/2-1/2"]
[WhiteElo "2435"]
[BlackElo "2375"]
[PlyCount "96"]
[EventDate "2021.??.??"]
[EventType "blitz"]

1. e4 e5 2. Nf3 d5 3. Nxe5 Bd6 4. d4 dxe4 5. Nc3 Bxe5 6. dxe5 Qxd1+ 7. Nxd1 Nc6
8. Bb5 Bd7 9. Bxc6 Bxc6 10. Nc3 O-O-O 11. Bf4 Ne7 12. O-O Ng6 13. Bg3 h5 14. h3
Rde8 15. Rfe1 Nxe5 16. Nxe4 f6 17. Nc3 Nc4 18. b3 Nb6 19. a4 h4 20. Bf4 Nd5 21.
Nxd5 Bxd5 22. f3 Bf7 23. Kf2 Rxe1 24. Rxe1 Re8 25. Rxe8+ Bxe8 26. Ke2 g5 27.
Bd2 Bg6 28. c3 Kd7 29. b4 Ke6 30. Ke3 Bc2 31. a5 Kd5 32. f4 Be4 33. fxg5 Bxg2
34. gxf6 Ke6 35. Be1 Kxf6 36. Bxh4+ Ke6 37. Bg3 Bxh3 38. Bxc7 Bf1 39. Kd4 Kd7
40. Bg3 Kc6 41. c4 a6 42. Bf2 Be2 43. Be3 Bf1 44. Bd2 Be2 45. Bc3 Bf1 46. Bd2
Be2 47. Bc3 Bf1 48. Bd2 Be2 {Normal} 1/2-1/2

[Event "Rated Blitz game"]
[Site "?"]
[Date "2021.02.03"]
[Round "?"]
[White "Koenigsindisch"]
[Black "Kovalchuk94"]
[Result "1/2-1/2"]
[WhiteElo "2448"]
[BlackElo "2623"]
[PlyCount "130"]
[EventDate "2021.??.??"]
[EventType "blitz"]

1. e4 e5 2. Nf3 d5 3. exd5 Bd6 4. Nc3 Nf6 5. Bb5+ Nbd7 6. d3 h6 7. O-O O-O 8.
Re1 a6 9. Bxd7 Nxd7 10. d4 Re8 11. dxe5 Nxe5 12. Bf4 Bg4 13. Bxe5 Bxe5 14. h3
Bh5 15. Qd3 Bg6 16. Qd2 Bf6 17. Rxe8+ Qxe8 18. Re1 Qd8 19. Ne5 Bh7 20. Nc4 Qd7
21. Ne4 Be7 22. Ne5 Qa4 23. Nc3 Qh4 24. Nf3 Qf6 25. Nd1 Rd8 26. c4 b5 27. b3
bxc4 28. bxc4 Bc5 29. Nc3 Bb4 30. Nd4 Bg6 31. Re3 Bc5 32. Nce2 Kh7 33. Rf3 Qb6
34. Nb3 Bb4 35. Qe3 Qb8 36. Ned4 Re8 37. Qc1 Bd6 38. Re3 Rxe3 39. Qxe3 Qb4 40.
Qc1 Be5 41. Nf3 Bf6 42. c5 Bf5 43. d6 cxd6 44. c6 Bc8 45. Qc2+ g6 46. h4 h5 47.
g3 Kg7 48. Kg2 a5 49. a3 Qxa3 50. c7 a4 51. Nbd4 Qc5 52. Qxc5 dxc5 53. Nb5 Be6
54. Nd2 a3 55. Nc4 a2 56. c8=Q Bxc8 57. Ncd6 a1=Q 58. Nf5+ Bxf5 59. Nd6 Be6 60.
f3 Bd5 61. Nf5+ gxf5 62. Kh2 Qb2+ 63. Kh3 Qc3 64. g4 Qxf3+ 65. Kh2 Qxg4 {Normal
} 1/2-1/2

[Event "Rated Blitz game"]
[Site "?"]
[Date "2021.02.03"]
[Round "?"]
[White "may6enexttime"]
[Black "Fantastic_power06"]
[Result "0-1"]
[WhiteElo "2833"]
[BlackElo "2629"]
[PlyCount "54"]
[EventDate "2021.??.??"]
[EventType "blitz"]

1. e4 e5 2. Nf3 d5 3. exd5 e4 4. Qe2 Nf6 5. Nc3 Be7 6. Nxe4 O-O 7. d3 Re8 8.
Be3 Nxd5 9. O-O-O f5 10. Bd4 Nc6 11. Kb1 Nxd4 12. Nxd4 fxe4 13. dxe4 Nf4 14.
Qf3 Bd6 15. e5 Bxe5 16. Bc4+ Kh8 17. Nc6 Qf6 18. Nxe5 Qxe5 19. a3 Qg5 20. Rhe1
Bg4 21. Qg3 Nh5 22. Qxc7 Bxd1 23. Rxd1 Rac8 24. Qf7 Rf8 25. Qe6 Nf4 26. Qe4
Rfe8 27. Qd4 Rcd8 {Normal} 0-1

[Event "Rated Blitz game"]
[Site "?"]
[Date "2021.02.03"]
[Round "?"]
[White "Watergun7"]
[Black "artsportscience"]
[Result "1-0"]
[WhiteElo "2467"]
[BlackElo "2331"]
[PlyCount "65"]
[EventDate "2021.??.??"]
[EventType "blitz"]

1. e4 e5 2. Nf3 d5 3. exd5 e4 4. Qe2 Nf6 5. d3 Qxd5 6. dxe4 Qxe4 7. Nc3 Bb4 8.
Bd2 Qxe2+ 9. Bxe2 Nc6 10. O-O-O O-O 11. Bc4 a6 12. a3 Bc5 13. Ng5 Bxf2 14. Rhf1
Bb6 15. Nd5 Nxd5 16. Bxd5 Be6 17. Nxe6 fxe6 18. Bxe6+ Kh8 19. Bc3 Rxf1 20. Rxf1
Rd8 21. Rf7 Nd4 22. Bc4 h6 23. h4 Kh7 24. h5 Rd6 25. g4 Rf6 26. Rd7 Rd6 27. Re7
Rf6 28. Bd3+ Kg8 29. Bg6 Rf1+ 30. Kd2 Rf2+ 31. Kd3 Rf3+ 32. Kc4 Rf8 33. Bxd4 {
Time forfeit} 1-0

[Event "Rated Blitz game"]
[Site "?"]
[Date "2021.02.03"]
[Round "?"]
[White "jpboyeras"]
[Black "PrawnsGambit"]
[Result "1-0"]
[WhiteElo "2424"]
[BlackElo "2375"]
[PlyCount "123"]
[EventDate "2021.??.??"]
[EventType "blitz"]

1. e4 e5 2. Nf3 d5 3. exd5 e4 4. Qe2 Nf6 5. d3 Be7 6. dxe4 O-O 7. Nc3 Re8 8.
Qc4 c6 9. dxc6 Nxc6 10. Bd3 Be6 11. Qb5 Nb4 12. O-O a6 13. Qe5 Nxd3 14. cxd3
Qxd3 15. Rd1 Qc4 16. Qd4 Qc7 17. Nd5 Nxd5 18. exd5 Bf6 19. Qf4 Qc2 20. Rd2 Qf5
21. Qxf5 Bxf5 22. Rd1 Bg4 23. Be3 b5 24. a4 b4 25. Rab1 Bf5 26. Rbc1 Bxb2 27.
Rc4 Bf6 28. Rxb4 a5 29. Rc4 Rad8 30. h3 Be4 31. Rc5 Ra8 32. Nd4 Be7 33. Rb5 Bb4
34. Nc6 Bc2 35. Rc1 Bxa4 36. Rb7 Bxc6 37. dxc6 Rec8 38. c7 Bd6 39. Bb6 a4 40.
Rd1 a3 41. Rxd6 a2 42. Bd4 h6 43. Rd8+ Rxd8 44. cxd8=Q+ Rxd8 45. Bb2 Rd1+ 46.
Kh2 Rb1 47. Ra7 Rxb2 48. Ra8+ Kh7 49. f3 f5 50. Kg3 Kg6 51. h4 Kf6 52. Ra6+ Ke5
53. Ra5+ Kd4 54. Ra4+ Kc3 55. Ra8 Kb3 56. Rc8 a1=Q 57. Rb8+ Kc2 58. Rf8 Kb1 59.
Rxf5 Qa4 60. Re5 Qa5 61. Re4 Qa7 62. Kg4 {Time forfeit} 1-0

[Event "Rated Blitz game"]
[Site "?"]
[Date "2021.02.03"]
[Round "?"]
[White "Cavolinho"]
[Black "KamranShirazi"]
[Result "0-1"]
[WhiteElo "2477"]
[BlackElo "2466"]
[PlyCount "34"]
[EventDate "2021.??.??"]
[EventType "blitz"]

1. e4 e5 2. Nf3 d5 3. exd5 e4 4. Ne5 Qxd5 5. d4 exd3 6. Nxd3 Bd6 7. Nc3 Qf5 8.
Be3 Nc6 9. Qd2 Be6 10. O-O-O O-O-O 11. h3 Nf6 12. g4 Qe5 13. f4 Qa5 14. Kb1 Bb4
15. f5 Bxa2+ 16. Kc1 Bc4 17. Kb1 Ne4 {Normal} 0-1

[Event "Rated Blitz game"]
[Site "?"]
[Date "2021.02.03"]
[Round "?"]
[White "BeReadyToLose"]
[Black "Jomajo"]
[Result "1-0"]
[WhiteElo "2466"]
[BlackElo "2622"]
[PlyCount "119"]
[EventDate "2021.??.??"]
[EventType "blitz"]

1. e4 e5 2. Nf3 d5 3. exd5 e4 4. Qe2 Qe7 5. Nd4 Nf6 6. c4 c6 7. Nc3 Na6 8. d3
exd3 9. Qxe7+ Bxe7 10. a3 cxd5 11. cxd5 Bc5 12. Be3 Ng4 13. O-O-O Nxe3 14. fxe3
O-O 15. Bxd3 Bg4 16. Be2 Bd7 17. Rhe1 Rac8 18. Kb1 Rfe8 19. e4 Bxa3 20. Bxa6
bxa6 21. e5 Bb4 22. Re3 Bc5 23. h3 g6 24. g4 Re7 25. e6 Be8 26. d6 Bxd6 27. Nd5
Rxe6 28. Nxe6 fxe6 29. Rxe6 Bc5 30. Rxe8+ Rxe8 31. Nf6+ Kf7 32. Nxe8 Kxe8 33.
Rd5 Bb6 34. Kc2 Kf7 35. Kd3 Kf6 36. Ke4 h6 37. h4 Bf2 38. g5+ hxg5 39. hxg5+
Ke6 40. Ra5 Bb6 41. Rxa6 Kd6 42. Ra4 Ke6 43. Rc4 Kd6 44. Rc2 Ke6 45. Rc1 Bd8
46. Rg1 Be7 47. Rg2 Bd8 48. b3 Be7 49. Kf4 Bd8 50. Re2+ Kf7 51. Rd2 Bc7+ 52.
Kg4 Bb6 53. Rd5 Ke6 54. Rb5 Kf7 55. Rb4 Ke7 56. Rc4 Ke6 57. b4 Kd6 58. b5 Kd5
59. Rc6 Ke5 60. Rxg6 {Time forfeit} 1-0

[Event "Rated Blitz game"]
[Site "?"]
[Date "2021.02.02"]
[Round "?"]
[White "saivishwesh"]
[Black "Kovalchuk94"]
[Result "0-1"]
[WhiteElo "2547"]
[BlackElo "2601"]
[PlyCount "126"]
[EventDate "2021.??.??"]
[EventType "blitz"]

1. e4 e5 2. Nf3 d5 3. Nxe5 Bd6 4. d4 dxe4 5. Qe2 Nf6 6. Nc3 O-O 7. Bg5 h6 8.
Bh4 g5 9. Bg3 Re8 10. h4 c5 11. O-O-O Qe7 12. hxg5 hxg5 13. Nxe4 Nxe4 14. Qxe4
f5 15. Bc4+ Kg7 16. Qd5 Be6 17. Qxe6 Qxe6 18. Bxe6 Rxe6 19. Nf3 f4 20. Nxg5 Rg6
21. dxc5 Rxg5 22. Bh4 Be7 23. Rhe1 Bf6 24. Bxg5 Bxg5 25. Rd5 Bf6 26. Re4 Na6
27. Rxf4 Rf8 28. Rd7+ Kh6 29. Rd6 Kg7 30. Rf5 Bxb2+ 31. Kxb2 Rxf5 32. Rd8 Rxf2
33. Rd7+ Rf7 34. Rd5 Rc7 35. Kb3 Nxc5+ 36. Kb4 Ne6 37. c4 Kf6 38. g4 Rg7 39.
Rf5+ Ke7 40. Rb5 Kd6 41. a4 Kc6 42. Re5 Rg6 43. a5 b6 44. axb6 axb6 45. Re4 Nc5
46. Rd4 Na6+ 47. Kc3 Nc7 48. Kb4 Ne6 49. Re4 Nc5 50. Rd4 Nd7 51. Re4 Nf8 52.
Rf4 Nh7 53. Re4 Ng5 54. Rf4 Nh3 55. Re4 Nf2 56. Re8 Nxg4 57. Rc8+ Kb7 58. Re8
Kc6 59. Rc8+ Kd7 60. Rb8 Ne5 61. c5 Nc6+ 62. Kb5 Nxb8 63. cxb6 Kc8 {Normal} 0-1

[Event "Rated Blitz game"]
[Site "?"]
[Date "2021.02.02"]
[Round "?"]
[White "Fivezero"]
[Black "Mettigel"]
[Result "1-0"]
[WhiteElo "2391"]
[BlackElo "2421"]
[PlyCount "51"]
[EventDate "2021.??.??"]
[EventType "blitz"]

1. e4 e5 2. Nf3 d5 3. exd5 Bd6 4. Nc3 Nf6 5. Bb5+ c6 6. dxc6 bxc6 7. Ba4 O-O 8.
d3 Bg4 9. h3 Bh5 10. Bg5 Bb4 11. O-O Bxc3 12. bxc3 Qa5 13. Bxf6 gxf6 14. Bb3
Nd7 15. g4 Bg6 16. Qd2 Nc5 17. Nh4 Rad8 18. Qh6 Nxb3 19. axb3 Qxc3 20. Ra2 a5
21. Kg2 Rd4 22. Nf5 Bxf5 23. gxf5 Rf4 24. Qxf6 Qd4 25. Kh1 Qd5+ 26. Kh2 {Normal
} 1-0